[Event "4NCL Division 3s"]
[Site "Daventry Court ENG"]
[Date "2015.01.11"]
[Round "4.165"]
[White "Botham, C Paul"]
[Black "Jackson, Gary C"]
[Result "1-0"]
[WhiteElo "2016"]
[BlackElo "1850"]
[PlyCount "54"]
[EventDate "2015.01.11"]
[WhiteTeam "Iceni 2"]
[BlackTeam "Banbury Bulldogs"]

1. c4 c5 2. Nf3 Nf6 3. Nc3 Nc6 4. g3 g6 5. Bg2 Bg7 6. O-O O-O 7. d3 Rb8 8. Bd2
a6 9. a4 d6 10. Qc1 Re8 11. Re1 Nb4 12. Na2 Nc6 13. Rb1 a5 14. Nc3 Nd7 15. Nb5
Nb6 16. b3 Nb4 17. Qd1 Na8 18. Bc3 Bxc3 19. Nxc3 Nc7 20. d4 e6 21. Qd2 Qe7 22.
Red1 b6 23. dxc5 dxc5 24. Ne5 Ba6 25. Qd7 f6 26. Qxe7 Rxe7 27. Nd7 Rbe8 1-0

[Event "4NCL Division 3s"]
[Site "Daventry Court ENG"]
[Date "2015.01.11"]
[Round "4.166"]
[White "Price, Andrew"]
[Black "Donaghay, Richard H"]
[Result "1/2-1/2"]
[WhiteElo "1831"]
[BlackElo "1957"]
[PlyCount "44"]
[EventDate "2015.01.11"]
[WhiteTeam "Banbury Bulldogs"]
[BlackTeam "Iceni 2"]

1. d4 d6 2. Nf3 Bg4 3. e4 Nd7 4. h3 Bxf3 5. Qxf3 e5 6. Be3 g6 7. Nc3 Qf6 8.
O-O-O Qxf3 9. gxf3 O-O-O 10. Bc4 Nh6 11. Kb1 Bg7 12. f4 Nb6 13. Bb3 exd4 14.
Bxd4 Bxd4 15. Rxd4 c5 16. Rd2 c4 17. Ba4 Nxa4 18. Nxa4 f5 19. Nc3 fxe4 20. Nxe4
d5 21. Nc3 d4 22. Nb5 Rhf8 1/2-1/2

[Event "4NCL Division 3s"]
[Site "Daventry Court ENG"]
[Date "2015.01.11"]
[Round "4.167"]
[White "Kenning, Paul H"]
[Black "Evans, Chris John"]
[Result "1-0"]
[WhiteElo "1804"]
[BlackElo "1832"]
[PlyCount "49"]
[EventDate "2015.01.11"]
[WhiteTeam "Iceni 2"]
[BlackTeam "Banbury Bulldogs"]

1. e4 c5 2. Nf3 d6 3. Bb5+ Nc6 4. d4 cxd4 5. Qxd4 Bd7 6. Bxc6 Bxc6 7. Nc3 Nf6
8. Bg5 e6 9. O-O-O Be7 10. Rhe1 Qc7 11. Kb1 h6 12. Bh4 b5 13. Qd3 Rb8 14. Nd4
b4 15. Ncb5 Qb6 16. Nxc6 Qxc6 17. Nxd6+ Qxd6 18. Qxd6 Bxd6 19. Rxd6 g5 20. Bg3
Ke7 21. Red1 Rb7 22. f3 Nd7 23. Ra6 Ra8 24. Rd4 Nc5 25. Bd6+ 1-0

[Event "4NCL Division 3s"]
[Site "Daventry Court ENG"]
[Date "2015.01.11"]
[Round "4.175"]
[White "Cooper, Lawrence H"]
[Black "Hayward, Philip T"]
[Result "1-0"]
[WhiteElo "2327"]
[BlackElo "1901"]
[PlyCount "93"]
[EventDate "2015.01.11"]
[WhiteTeam "Midland Monarchs 1"]
[BlackTeam "Oxford 3"]

1. e4 e6 2. d4 d5 3. Nd2 Be7 4. Bd3 c5 5. dxc5 Nf6 6. Qe2 Nc6 7. Ngf3 Nb4 8.
Nb3 Nxd3+ 9. cxd3 a5 10. Bg5 a4 11. Nbd2 h6 12. Bxf6 Bxf6 13. d4 O-O 14. O-O b6
15. Rfc1 Ba6 16. Qe3 bxc5 17. Rxc5 Qb6 18. e5 Be7 19. Rc2 Rac8 20. Rac1 Rxc2
21. Rxc2 f5 22. exf6 Bxf6 23. Ne5 Bg5 24. Qe1 Qxd4 25. Ndf3 Qe4 26. Qxe4 dxe4
27. Nxg5 hxg5 28. Rc6 Rc8 29. Rxc8+ Bxc8 30. Kf1 Kf8 31. Ke2 Ke7 32. Ke3 Bb7
33. g3 Bd5 34. a3 Kf6 35. Kd4 Kf5 36. h3 Bb3 37. Ng4 Ba2 38. Ne3+ Kf6 39. Kxe4
Bb1+ 40. Kd4 Ba2 41. Ng4+ Kf5 42. Ne5 Bb3 43. Nd3 Bd1 44. Nc5 e5+ 45. Ke3 g4
46. h4 e4 47. Kd2 1-0

[Event "4NCL Division 3s"]
[Site "Daventry Court ENG"]
[Date "2015.01.11"]
[Round "4.177"]
[White "Kalyana, Ashwin"]
[Black "Burrows, Nick"]
[Result "0-1"]
[WhiteElo "1712"]
[BlackElo "1817"]
[PlyCount "86"]
[EventDate "2015.01.11"]
[WhiteTeam "Midland Monarchs 1"]
[BlackTeam "Oxford 3"]

1. d4 d5 2. c4 c6 3. Nc3 dxc4 4. e3 b5 5. a4 b4 6. Ne4 Qd5 7. Ng3 Nf6 8. Nf3
Ba6 9. Qc2 e6 10. Bd2 c3 11. bxc3 Bxf1 12. Nxf1 bxc3 13. Bxc3 Ne4 14. Ng3 Nxc3
15. Qxc3 a5 16. O-O Bb4 17. Qc2 Nd7 18. Rac1 Rc8 19. Rfd1 O-O 20. e4 Qd6 21. e5
Qe7 22. Qe4 c5 23. d5 exd5 24. Rxd5 Rfd8 25. Nf5 Qf8 26. Qh4 c4 27. Nd6 Bxd6
28. exd6 Nf6 29. Rxa5 Qxd6 30. h3 c3 31. Qg5 c2 32. Ne1 h6 33. Qe3 Re8 34. Rxc2
Rxc2 35. Nxc2 Rxe3 36. Nxe3 Ne4 37. Rd5 Qa3 38. a5 Qa2 39. Rf5 g6 40. Rf4 Nc3
41. Rc4 Qa1+ 42. Kh2 Ne2 43. h4 h5 0-1

[Event "4NCL Division 3s"]
[Site "Daventry Court ENG"]
[Date "2015.01.11"]
[Round "4.178"]
[White "Neatherway, A Philip"]
[Black "Jina, Taran"]
[Result "1-0"]
[WhiteElo "1866"]
[BlackElo "1718"]
[PlyCount "69"]
[EventDate "2015.01.11"]
[WhiteTeam "Oxford 3"]
[BlackTeam "Midland Monarchs 1"]

1. e4 d5 2. exd5 Nf6 3. d4 Nxd5 4. c4 Nb6 5. Nc3 g6 6. Nf3 Bg7 7. Be2 Nc6 8. d5
Ne5 9. Nxe5 Bxe5 10. Bh6 e6 11. Qd2 Qe7 12. O-O-O Bd7 13. Rhe1 O-O-O 14. Qe3
Bf6 15. Ne4 Ba4 16. Rd2 Rdg8 17. Nxf6 Qxf6 18. Bg5 Qg7 19. dxe6 Re8 20. e7 f6
21. Qe6+ Bd7 22. Qxf6 Qg8 23. Qf4 h6 24. Bf6 Rh7 25. Red1 Qe6 26. h3 h5 27. g4
Rf7 28. g5 Rexe7 29. Qd4 Re8 30. Bd3 Rg8 31. b3 Qxh3 32. c5 Qe6 33. cxb6 axb6
34. Bc4 Qc6 35. Kb2 1-0

[Event "4NCL Division 3s"]
[Site "Daventry Court ENG"]
[Date "2015.01.11"]
[Round "4.185"]
[White "Valentine, Brian"]
[Black "Wagner, Guy"]
[Result "1-0"]
[WhiteElo "1987"]
[BlackElo "1857"]
[PlyCount "53"]
[EventDate "2015.01.11"]
[WhiteTeam "MK Phoenix 2"]
[BlackTeam "Celtic Tigers 2"]

1. e4 d5 2. exd5 Qxd5 3. Nc3 Qd6 4. d4 Nf6 5. Nf3 a6 6. g3 Bg4 7. Bg2 Nc6 8.
O-O O-O-O 9. h3 Bxf3 10. Qxf3 Qxd4 11. Rd1 Qe5 12. Rxd8+ Kxd8 13. Bf4 Qh5 14.
g4 Qg6 15. Qg3 e5 16. Bxe5 Nxe5 17. Qxe5 Bd6 18. Qd4 b6 19. Nd5 Nxd5 20. Qxd5
Qe6 21. Qd3 h5 22. Rd1 Qxa2 23. Qd4 Qe6 24. Qxg7 Re8 25. Qh7 a5 26. Qxf7 Rf8
27. Qxf8+ 1-0

[Event "4NCL Division 3s"]
[Site "Daventry Court ENG"]
[Date "2015.01.11"]
[Round "4.186"]
[White "Buttell, David"]
[Black "Williamson, Kevin"]
[Result "1/2-1/2"]
[WhiteElo "1848"]
[BlackElo "1985"]
[PlyCount "81"]
[EventDate "2015.01.11"]
[WhiteTeam "Celtic Tigers 2"]
[BlackTeam "MK Phoenix 2"]

1. d4 Nf6 2. c4 d6 3. Nc3 Nbd7 4. e4 e5 5. d5 Be7 6. f3 a5 7. Be3 c6 8. Rc1 O-O
9. Nge2 Ne8 10. g4 Bg5 11. Qd2 Bxe3 12. Qxe3 Qb6 13. Qxb6 Nxb6 14. Ng3 g6 15.
Bd3 c5 16. a4 Bd7 17. b3 Nc7 18. Rc2 Na6 19. Rg2 Nb4 20. Bb1 Nc8 21. Ke2 Ne7
22. h4 h6 23. h5 g5 24. Nd1 Ra6 25. Kd2 Rb6 26. Kc3 Na6 27. Ne3 Nc7 28. Nef5
Nxf5 29. exf5 f6 30. Ne4 Kf7 31. Ra2 Ke7 32. Ra3 Be8 33. Bd3 Bf7 34. Kc2 Rd8
35. Nc3 Na6 36. Be4 Nb4+ 37. Kd2 Rc8 38. Nb5 Ra6 39. Rd1 Be8 40. Rda1 Raa8 41.
Nc3 1/2-1/2

[Event "4NCL Division 3s"]
[Site "Daventry Court ENG"]
[Date "2015.01.11"]
[Round "4.187"]
[White "Majer, Chris"]
[Black "Herring, Sam"]
[Result "1-0"]
[WhiteElo "1947"]
[BlackElo "1808"]
[PlyCount "35"]
[EventDate "2015.01.11"]
[WhiteTeam "MK Phoenix 2"]
[BlackTeam "Celtic Tigers 2"]

1. e4 e6 2. d4 d5 3. Nc3 Bb4 4. Nge2 c5 5. a3 Bxc3+ 6. Nxc3 dxe4 7. Nxe4 cxd4
8. Bf4 e5 9. Bg3 Nc6 10. Bc4 Nf6 11. Bh4 Qa5+ 12. b4 Nxb4 13. Nxf6+ gxf6 14.
O-O Nxc2 15. Qxc2 Ke7 16. f4 Qc5 17. fxe5 d3+ 18. Qf2 1-0

[Event "4NCL Division 3s"]
[Site "Daventry Court ENG"]
[Date "2015.01.11"]
[Round "4.189"]
[White "Matthews, Adrian"]
[Black "Robinson, Owen"]
[Result "1-0"]
[WhiteElo "1884"]
[BlackElo "1354"]
[PlyCount "56"]
[EventDate "2015.01.11"]
[WhiteTeam "MK Phoenix 2"]
[BlackTeam "Celtic Tigers 2"]

1. e4 c5 2. d4 cxd4 3. c3 dxc3 4. Nxc3 g6 5. Nf3 Bg7 6. Bc4 Nc6 7. Bf4 a6 8.
Rc1 Nf6 9. e5 Ng4 10. Bxf7+ Kxf7 11. Ng5+ Ke8 12. Qxg4 Nxe5 13. Bxe5 Bxe5 14.
O-O Bf6 15. Nd5 Kf8 16. Rfd1 e6 17. Nxf6 Qxf6 18. Rc3 Kg7 19. Rf3 h5 20. Qg3 h4
21. Qg4 Qe7 22. Rf7+ Qxf7 23. Nxf7 Kxf7 24. Rd3 Rh5 25. Qf4+ Kg7 26. g4 hxg3
27. Rxg3 e5 28. Qe4 Rf5 1-0

[Event "4NCL Division 3s"]
[Site "Daventry Court ENG"]
[Date "2015.01.11"]
[Round "4.195"]
[White "Mercs, Peter"]
[Black "Adams, Mark"]
[Result "1/2-1/2"]
[WhiteElo "2082"]
[BlackElo "1990"]
[PlyCount "75"]
[EventDate "2015.01.11"]
[WhiteTeam "Ashfield-Breadsall"]
[BlackTeam "The Full Ponty"]

1. e4 c5 2. Nf3 a6 3. Nc3 b5 4. a4 b4 5. Ne2 Bb7 6. Ng3 e6 7. d4 d5 8. dxc5
Bxc5 9. exd5 Bxd5 10. Bd3 Nf6 11. O-O Qb6 12. Qe2 Nbd7 13. Bg5 O-O 14. Bxf6
Nxf6 15. Ne5 Qb7 16. Nh5 Nxh5 17. Qxh5 g6 18. Qh3 f5 19. Bc4 Rac8 20. Bxd5 Qxd5
21. Nf3 Be7 22. Rad1 Qb7 23. Nd4 Rfd8 24. Nxe6 Rxd1 25. Rxd1 Qc6 26. Nd4 Qxa4
27. Qe3 Qd7 28. Qb3+ Kh8 29. c3 bxc3 30. bxc3 Rd8 31. Qb6 Qd6 32. Rb1 Qxb6 33.
Rxb6 Rd6 34. Rb8+ Kg7 35. Rb7 Kf8 36. Rb8+ Kf7 37. Rb7 Kf8 38. Rb8+ 1/2-1/2

[Event "4NCL Division 3s"]
[Site "Daventry Court ENG"]
[Date "2015.01.11"]
[Round "4.197"]
[White "Toothill, Andrew"]
[Black "Waterfield, John"]
[Result "1-0"]
[WhiteElo "1966"]
[BlackElo "1962"]
[PlyCount "89"]
[EventDate "2015.01.11"]
[WhiteTeam "Ashfield-Breadsall"]
[BlackTeam "The Full Ponty"]

1. d4 Nf6 2. c4 c5 3. d5 b5 4. a4 bxc4 5. Nc3 d6 6. e4 g6 7. Bxc4 Bg7 8. Nf3
O-O 9. O-O Nbd7 10. h3 Rb8 11. a5 Ne8 12. Qe2 Nc7 13. Rd1 Ne5 14. Nxe5 Bxe5 15.
Be3 Bd7 16. f4 Bg7 17. e5 Rb4 18. Rd2 Qb8 19. Kh1 Nb5 20. Bxb5 Bxb5 21. Qf2 Bd7
22. g4 Qc8 23. exd6 exd6 24. Re1 f5 25. g5 Re8 26. h4 Qa6 27. h5 Qxa5 28. h6
Bh8 29. Rde2 Rbb8 30. Bc1 Rxe2 31. Rxe2 Re8 32. Rxe8+ Bxe8 33. Qe3 Kf8 34. Bd2
Bf7 35. Kh2 Qb6 36. Be1 Qb3 37. Qd2 Qc4 38. Bf2 Bd4 39. Kg2 Bxd5+ 40. Kg3 Be6
41. Be3 Qf1 42. Bxd4 cxd4 43. Nd1 Bb3 44. Ne3 Ke7 45. Nxf1 1-0

[Event "4NCL Division 3s"]
[Site "Daventry Court ENG"]
[Date "2015.01.11"]
[Round "4.198"]
[White "Davies, Peter"]
[Black "Jarvis, Derek"]
[Result "1/2-1/2"]
[WhiteElo "1975"]
[BlackElo "1893"]
[PlyCount "48"]
[EventDate "2015.01.11"]
[WhiteTeam "The Full Ponty"]
[BlackTeam "Ashfield-Breadsall"]

1. e4 e6 2. d4 d5 3. Nc3 Nf6 4. Bg5 dxe4 5. Nxe4 Be7 6. Nxf6+ Bxf6 7. Bxf6 Qxf6
8. Nf3 Nd7 9. Bd3 O-O 10. O-O e5 11. c3 exd4 12. cxd4 c6 13. Re1 Nb6 14. Qc2 g6
15. Rad1 Be6 16. b3 Rfd8 17. Be4 Nd5 18. Ne5 Nb4 19. Qe2 Nd5 20. Qc2 a5 21. g3
Nb4 22. Qe2 Nd5 23. Qc2 Nb4 24. Qe2 Nd5 1/2-1/2

[Event "4NCL Division 3s"]
[Site "Daventry Court ENG"]
[Date "2015.01.11"]
[Round "4.199"]
[White "Taylor, Bob"]
[Black "Perrett, David C"]
[Result "0-1"]
[WhiteElo "1919"]
[BlackElo "1944"]
[PlyCount "77"]
[EventDate "2015.01.11"]
[WhiteTeam "Ashfield-Breadsall"]
[BlackTeam "The Full Ponty"]

1. d4 f5 2. Bg5 g6 3. e3 Bg7 4. Nd2 Nf6 5. c4 d6 6. Be2 Nbd7 7. Rc1 c5 8. d5
Qa5 9. Qb3 Ne4 10. Ngf3 Ne5 11. Kd1 Nxf2+ 12. Kc2 Nxh1 13. Rxh1 Nxf3 14. gxf3
Qb6 15. h4 Qxb3+ 16. Nxb3 Bd7 17. Nd2 h6 18. Bf4 Kf7 19. e4 Bf6 20. exf5 g5 21.
Bg3 gxh4 22. Bxh4 Bxh4 23. Rxh4 Rag8 24. Ne4 Bxf5 25. Kd3 Rg1 26. Ke3 Rg2 27.
b3 h5 28. a3 Kg6 29. b4 b6 30. b5 a6 31. bxa6 Ra8 32. Nc3 Rxa6 33. Nb5 Ra4 34.
f4 Rxe2+ 35. Kxe2 Rxc4 36. Na7 Bg4+ 37. Ke3 Ra4 38. Nc6 Rxa3+ 39. Ke4 0-1

[Event "4NCL Division 3s"]
[Site "Daventry Court ENG"]
[Date "2015.01.11"]
[Round "4.200"]
[White "Thomas, Gary"]
[Black "Graham, Neil"]
[Result "0-1"]
[WhiteElo "1842"]
[BlackElo "1827"]
[PlyCount "38"]
[EventDate "2015.01.11"]
[WhiteTeam "The Full Ponty"]
[BlackTeam "Ashfield-Breadsall"]

1. d4 Nf6 2. c4 e5 3. e3 exd4 4. exd4 Bb4+ 5. Nc3 O-O 6. Be2 Re8 7. a3 Bxc3+ 8.
bxc3 d5 9. Nf3 Qe7 10. Ne5 Nbd7 11. Bf4 Ne4 12. Bh5 g6 13. O-O Qh4 14. f3 Nxc3
15. Qc2 Qxf4 16. Nxg6 hxg6 17. Rae1 Nf6 18. Bxg6 Qxd4+ 19. Kh1 Bd7 0-1

[Event "4NCL Division 3s"]
[Site "Daventry Court ENG"]
[Date "2015.01.11"]
[Round "4.205"]
[White "Lawson, Maurice E"]
[Black "Chan, Nevil"]
[Result "0-1"]
[WhiteElo "1949"]
[BlackElo "2014"]
[PlyCount "114"]
[EventDate "2015.01.11"]
[WhiteTeam "BCM Rhinos [2]"]
[BlackTeam "Cambridge University 3"]

1. e4 Nc6 2. Nf3 d6 3. d4 Nf6 4. Nc3 Bg4 5. Be3 e6 6. h3 Bh5 7. d5 exd5 8. exd5
Bxf3 9. Qxf3 Ne5 10. Qe2 a6 11. O-O-O Be7 12. Kb1 O-O 13. g4 c5 14. Bxc5 Rc8
15. Bd4 Nfd7 16. f4 Ng6 17. Qf3 Bf6 18. g5 Bxd4 19. Rxd4 Qb6 20. Rd2 Nxf4 21.
Qxf4 Rxc3 22. Bd3 Ne5 23. Qe4 Nxd3 24. Rxd3 Rxd3 25. cxd3 Qd8 26. Qf4 f6 27.
Qb4 Qd7 28. h4 f5 29. Rf1 Re8 30. Re1 Rxe1+ 31. Qxe1 Kf7 32. Qe2 Qe7 33. Qh5+
Kg8 34. Qf3 Qe5 35. a3 Kf7 36. Qh5+ Kg8 37. Qf3 Qe1+ 38. Kc2 g6 39. Qf4 Qe2+
40. Kc1 Qe1+ 41. Kc2 Qe7 42. Kb3 Kf7 43. d4 Ke8 44. Ka2 Kd7 45. h5 Qf7 46. Qf3
gxh5 47. a4 Ke8 48. Ka3 Kf8 49. Kb4 Kg7 50. Kc4 f4 51. Kd3 Kg6 52. Kd2 Qf5 53.
b3 Kxg5 54. Ke1 h4 55. Qg2+ Qg4 56. Qe4 Qg1+ 57. Ke2 Qe3+ 0-1

[Event "4NCL Division 3s"]
[Site "Daventry Court ENG"]
[Date "2015.01.11"]
[Round "4.206"]
[White "Campbell, Mark C"]
[Black "Amato, Giampiero"]
[Result "1-0"]
[WhiteElo "1956"]
[BlackElo "1937"]
[PlyCount "93"]
[EventDate "2015.01.11"]
[WhiteTeam "Cambridge University 3"]
[BlackTeam "BCM Rhinos [2]"]

1. e4 e5 2. Nf3 Nf6 3. d4 Nxe4 4. dxe5 Bc5 5. Be3 Bxe3 6. fxe3 d5 7. exd6 Nxd6
8. Nc3 Nc6 9. Bd3 Bf5 10. Qe2 Bxd3 11. cxd3 O-O 12. O-O-O Nf5 13. g4 Nh4 14. d4
a6 15. Rhe1 Re8 16. h3 Qf6 17. Rf1 Nxf3 18. Rxf3 Qd6 19. Qc4 Re7 20. Rdf1 Rf8
21. Nd5 Rd7 22. Nf4 b5 23. Qb3 Na5 24. Qc2 Nc4 25. Nh5 Re7 26. Qf2 Nxe3 27.
Rxe3 Qh6 28. Rfe1 Rfe8 29. Nf4 Qc6+ 30. Kd2 Re4 31. Rxe4 Rxe4 32. Rxe4 Qxe4 33.
Qe3 Qc6 34. d5 Qd7 35. Qa7 Kf8 36. Qc5+ Ke8 37. Qc6 Qxc6 38. dxc6 Ke7 39. Ne2
Kd6 40. Nd4 Ke5 41. Ke3 g6 42. Nf3+ Kd5 43. Ng5 h6 44. Nxf7 h5 45. Nh8 hxg4 46.
hxg4 g5 47. Nf7 1-0

[Event "4NCL Division 3s"]
[Site "Daventry Court ENG"]
[Date "2015.01.11"]
[Round "4.207"]
[White "Fowler, David W"]
[Black "Kreuzer, Christopher RL"]
[Result "1-0"]
[WhiteElo "1871"]
[BlackElo "1959"]
[PlyCount "97"]
[EventDate "2015.01.11"]
[WhiteTeam "BCM Rhinos [2]"]
[BlackTeam "Cambridge University 3"]

1. d4 Nf6 2. c4 e6 3. Nc3 Bb4 4. e3 c5 5. Nge2 Ne4 6. Bd2 Nxd2 7. Qxd2 O-O 8.
a3 cxd4 9. Nxd4 Be7 10. Bd3 d6 11. Bc2 Nc6 12. O-O Nxd4 13. exd4 d5 14. Qd3 g6
15. c5 e5 16. dxe5 Bf5 17. Qe2 Bxc2 18. Qxc2 Bxc5 19. Rad1 d4 20. Ne4 Be7 21.
Qd3 Qd5 22. Qxd4 Qxd4 23. Rxd4 Rfd8 24. Rfd1 Rxd4 25. Rxd4 Rd8 26. Rxd8+ Bxd8
27. Kf1 Kf8 28. Ke2 Ke7 29. f4 Kd7 30. Nd6 f6 31. Nxb7 Be7 32. exf6 Bxf6 33.
Nc5+ Kc6 34. Nd3 Kb5 35. b3 Kc6 36. Ke3 Kd5 37. Nb4+ Kc5 38. Ke4 Kd6 39. g4 a5
40. Nd5 Bg7 41. Ne3 Kc5 42. f5 gxf5+ 43. gxf5 Bf8 44. Ke5 Bd6+ 45. Ke6 Bxh2 46.
f6 a4 47. f7 Bd6 48. b4+ Kc6 49. b5+ 1-0

[Event "4NCL Division 3s"]
[Site "Daventry Court ENG"]
[Date "2015.01.11"]
[Round "4.208"]
[White "Lim, Mark"]
[Black "Kane, Robert (Bob) B"]
[Result "0-1"]
[WhiteElo "1880"]
[BlackElo "1887"]
[PlyCount "122"]
[EventDate "2015.01.11"]
[WhiteTeam "Cambridge University 3"]
[BlackTeam "BCM Rhinos [2]"]

1. Nf3 f5 2. g3 d5 3. Bg2 Nf6 4. O-O c6 5. d3 g6 6. c4 Bg7 7. Nc3 O-O 8. Qb3 d4
9. Nd1 c5 10. e3 Nc6 11. exd4 cxd4 12. Re1 Qb6 13. Qc2 Nd7 14. a3 a5 15. Rb1 a4
16. b4 axb3 17. Rxb3 Qc7 18. Ng5 Nc5 19. Rb5 Na7 20. Rb1 e5 21. Bd5+ Kh8 22. f4
h6 23. Nf7+ Rxf7 24. Bxf7 Qxf7 25. fxe5 Bd7 26. Nf2 Bc6 27. Bb2 Rd8 28. Qe2 Ne6
29. Bc1 Bf8 30. Rb3 Nc8 31. Bd2 b6 32. Bb4 Ng5 33. Reb1 Ba8 34. h4 Qb7 35. Ne4
Nxe4 36. dxe4 fxe4 37. Qf2 Bg7 38. Bc5 e3 39. Qh2 Bxe5 40. Bxb6 Bxg3 41. Qh3
Qf3 42. Bxd4+ Kh7 43. Bxe3 Rd1+ 44. Rxd1 Qxd1+ 45. Qf1 Bh2+ 46. Kf2 Qxb3 47.
Qh3 Qc2+ 48. Ke1 Qc3+ 49. Kf2 Qf6+ 50. Ke2 Qb2+ 51. Bd2 Qe5+ 52. Kd1 Nb6 53. c5
Nd5 54. Qd7+ Qe7 55. Qc8 Bb7 56. Qh3 Bf4 57. Qb3 Ne3+ 58. Kc1 Qxc5+ 59. Kb1
Be4+ 60. Kb2 Be5+ 61. Bc3 Nd1+ 0-1

[Event "4NCL Division 3s"]
[Site "Daventry Court ENG"]
[Date "2015.01.11"]
[Round "4.209"]
[White "Sargent, John R"]
[Black "Ivanov, George"]
[Result "0-1"]
[WhiteElo "1759"]
[BlackElo "1704"]
[PlyCount "70"]
[EventDate "2015.01.11"]
[WhiteTeam "BCM Rhinos [2]"]
[BlackTeam "Cambridge University 3"]

1. e4 e5 2. Nf3 Nc6 3. Bb5 d6 4. d4 exd4 5. Nxd4 Bd7 6. Nxc6 bxc6 7. Bc4 Nf6 8.
Nc3 Be7 9. O-O O-O 10. b3 Be6 11. Bd3 d5 12. Bb2 Bd6 13. h3 Re8 14. Re1 dxe4
15. Nxe4 Nxe4 16. Bxe4 Bd5 17. Qf3 Qd7 18. Rad1 Bxe4 19. Rxe4 Rxe4 20. Qxe4
Bh2+ 21. Kxh2 Qxd1 22. Qxc6 Qd6+ 23. Qxd6 cxd6 24. Bd4 a6 25. a4 f6 26. Kg3 Kf7
27. b4 Ke6 28. Kf3 Kd5 29. c3 Re8 30. a5 Kc4 31. Kf4 d5 32. f3 Re2 33. g3 Rd2
34. Ke3 Rd3+ 35. Kf4 Rxd4+ 0-1

[Event "4NCL Division 3s"]
[Site "Daventry Court ENG"]
[Date "2015.01.11"]
[Round "4.210"]
[White "Ivanov, Elizabeth"]
[Black "Dhemrait, Jagdeep"]
[Result "1-0"]
[WhiteElo "1569"]
[BlackElo "1715"]
[PlyCount "77"]
[EventDate "2015.01.11"]
[WhiteTeam "Cambridge University 3"]
[BlackTeam "BCM Rhinos [2]"]

1. e4 c5 2. Nc3 Nc6 3. f4 e6 4. Nf3 a6 5. d3 g6 6. Be2 Bg7 7. O-O Qb6 8. Kh1
Nge7 9. Be3 Qxb2 10. Bd2 Nb4 11. a3 Nbc6 12. Rb1 Qxa3 13. Rb3 Qa5 14. Nb5 Nb4
15. Nd6+ Kf8 16. Ng5 f6 17. Ngf7 Rg8 18. Qe1 Qa2 19. Bxb4 cxb4 20. Qxb4 Qxc2
21. Bd1 Qc1 22. Rc3 Nc6 23. Rxc6 Qxc6 24. Nxc8+ d6 25. Ncxd6 a5 26. Qa3 Qc7 27.
Bb3 Qe7 28. Qa2 Ra6 29. e5 f5 30. Rc1 Bh8 31. Ng5 Kg7 32. Qa3 Re8 33. Nxe8+
Qxe8 34. Rc7+ Kg8 35. Re7 Qc8 36. Rxe6 Bf6 37. Rxf6+ Kg7 38. Qe7+ Kh8 39. Qxh7#
1-0

[Event "4NCL Division 3s"]
[Site "Daventry Court ENG"]
[Date "2015.01.11"]
[Round "4.215"]
[White "Cresswell, Mike J"]
[Black "Fogg, Martin"]
[Result "0-1"]
[WhiteElo "1764"]
[BlackElo "1906"]
[PlyCount "94"]
[EventDate "2015.01.11"]
[WhiteTeam "BCM Hippos [3]"]
[BlackTeam "Anglian Avengers 3"]

1. e4 c5 2. Nf3 d6 3. d4 cxd4 4. Nxd4 Nf6 5. Nc3 a6 6. a3 e5 7. Nf3 Be7 8. Be2
O-O 9. O-O Nbd7 10. h3 Nc5 11. Nd2 b5 12. b4 Ne6 13. Nb3 Bb7 14. Bf3 Rc8 15.
Nd5 Nxd5 16. exd5 Ng5 17. Bxg5 Bxg5 18. Na5 Qc7 19. Nxb7 Qxb7 20. Qd3 f5 21.
Qb3 e4 22. Be2 Bf6 23. Rae1 Rc3 24. Qa2 Rfc8 25. Bd1 R8c4 26. Re3 Bd4 27. Rxc3
Rxc3 28. a4 Rc4 29. axb5 axb5 30. Qb3 Rc3 31. Qa2 Rc4 32. Qb3 Qa7 33. Qg3 Be5
34. Qg5 Qd7 35. g4 f4 36. Qh5 Qf7 37. Qh4 f3 38. Qd8+ Qf8 39. Qxf8+ Kxf8 40.
Re1 Rxb4 41. Re3 Rd4 42. Re1 Rxd5 43. c3 Bxc3 44. Bb3 Rd4 45. Rc1 b4 46. Kh2
Rd2 47. Kg3 g5 0-1

[Event "4NCL Division 3s"]
[Site "Daventry Court ENG"]
[Date "2015.01.11"]
[Round "4.216"]
[White "Lamont, Richard"]
[Black "Cooke, Charlie"]
[Result "1-0"]
[WhiteElo "1893"]
[BlackElo "1754"]
[PlyCount "75"]
[EventDate "2015.01.11"]
[WhiteTeam "Anglian Avengers 3"]
[BlackTeam "BCM Hippos [3]"]

1. e4 e5 2. Nf3 Nf6 3. Bc4 Nxe4 4. Qe2 Nd6 5. Qxe5+ Qe7 6. Bb3 Nc6 7. Qxe7+
Bxe7 8. Nc3 O-O 9. Nd5 Bd8 10. O-O Na5 11. d3 Nxb3 12. axb3 c6 13. Bf4 Ne8 14.
Nc3 d5 15. Rfe1 f6 16. b4 Bc7 17. Be3 a6 18. Bc5 Bd6 19. Rxe8 Bxh2+ 20. Kxh2
Rxe8 21. Kg3 Bd7 22. Na4 Kf7 23. Nd4 Re5 24. f3 h5 25. Bd6 Rg5+ 26. Kf2 Re8 27.
Nb6 Be6 28. Rh1 g6 29. Bf4 Re5 30. Bxe5 fxe5 31. Nb3 Re7 32. Nc5 Bf5 33. Rh4
Kf6 34. c4 d4 35. Ne4+ Bxe4 36. Rxe4 g5 37. b5 cxb5 38. Nd5+ 1-0

[Event "4NCL Division 3s"]
[Site "Daventry Court ENG"]
[Date "2015.01.11"]
[Round "4.217"]
[White "Mallon, Gunnar"]
[Black "Woodcock, Keith"]
[Result "1-0"]
[WhiteElo "1714"]
[BlackElo "1668"]
[PlyCount "37"]
[EventDate "2015.01.11"]
[WhiteTeam "BCM Hippos [3]"]
[BlackTeam "Anglian Avengers 3"]

1. c4 e5 2. Nc3 Nf6 3. e4 Bc5 4. g3 a6 5. Bg2 Nc6 6. Nge2 d6 7. O-O Be6 8. Nd5
Qd7 9. d3 Ba7 10. Be3 b6 11. f3 Ng8 12. Rc1 Nge7 13. d4 exd4 14. Nxd4 Nxd4 15.
Bxd4 O-O 16. Qd2 Nc6 17. Bxg7 Bxd5 18. Qg5 Ne7 19. Bxf8+ 1-0

[Event "4NCL Division 3s"]
[Site "Daventry Court ENG"]
[Date "2015.01.11"]
[Round "4.219"]
[White "Weaver, Lauren"]
[Black "Sheerin, Alex"]
[Result "0-1"]
[WhiteElo "1533"]
[BlackElo "1622"]
[PlyCount "65"]
[EventDate "2015.01.11"]
[WhiteTeam "BCM Hippos [3]"]
[BlackTeam "Anglian Avengers 3"]

1. d4 Nf6 2. Nf3 g6 3. Nc3 Bg7 4. e4 d6 5. Be2 O-O 6. O-O c6 7. Re1 Nbd7 8. Bf4
Nh5 9. Be3 Re8 10. Qd2 e5 11. d5 c5 12. Rad1 Nb6 13. Bb5 Rf8 14. Bh6 f5 15.
Bxg7 Kxg7 16. h3 fxe4 17. Nxe4 h6 18. Qe3 Nf4 19. Nc3 a6 20. Be2 Bd7 21. Nh2
Qg5 22. Qg3 Qe7 23. Bg4 Bxg4 24. Nxg4 Rf5 25. b3 Raf8 26. Qe3 a5 27. Kh2 h5 28.
g3 hxg4 29. hxg4 Rh8+ 30. Kg1 Qg5 31. gxf4 Qh4 32. Kf1 Rxf4 33. f3 0-1

[Event "4NCL Division 3s"]
[Site "Daventry Court ENG"]
[Date "2015.01.11"]
[Round "4.225"]
[White "Balouka-Myers, Gabriel"]
[Black "Ireland, David J"]
[Result "0-1"]
[WhiteElo "1565"]
[BlackElo "1905"]
[PlyCount "50"]
[EventDate "2015.01.11"]
[WhiteTeam "Barnet Knights 2"]
[BlackTeam "Throw in the Tal"]

1. d4 Nf6 2. c4 c5 3. d5 b5 4. cxb5 a6 5. b6 g6 6. Nc3 Bg7 7. e4 d6 8. f4 O-O
9. Nf3 e6 10. e5 dxe5 11. fxe5 Nxd5 12. Qb3 Nxb6 13. Bg5 Qc7 14. Be2 Nc6 15.
Bf4 Bb7 16. O-O Nd4 17. Nxd4 cxd4 18. Nb1 Nd5 19. Bc4 Nxf4 20. Rxf4 Bxe5 21.
Rh4 Bf4 22. Na3 Be3+ 23. Kh1 Rab8 24. Qd3 Qe5 25. Nc2 Qg5 0-1

[Event "4NCL Division 3s"]
[Site "Daventry Court ENG"]
[Date "2015.01.11"]
[Round "4.228"]
[White "Woolgar, Steve"]
[Black "Lewis, Tim"]
[Result "1/2-1/2"]
[WhiteElo "1864"]
[BlackElo "1478"]
[PlyCount "80"]
[EventDate "2015.01.11"]
[WhiteTeam "Throw in the Tal"]
[BlackTeam "Barnet Knights 2"]

1. c4 e5 2. Nc3 Nc6 3. g3 Bb4 4. Bg2 Bxc3 5. bxc3 f5 6. d3 Nf6 7. Nf3 d6 8. O-O
O-O 9. Qc2 Qe8 10. Bg5 Qh5 11. Bxf6 Rxf6 12. e4 fxe4 13. dxe4 Bg4 14. Nh4 g5
15. Nf5 Bxf5 16. exf5 g4 17. Bd5+ Kh8 18. Be4 Nd8 19. f3 Rb8 20. Qe2 gxf3 21.
Bxf3 Qf7 22. Bd5 Qd7 23. Qh5 c6 24. Qg5 Qg7 25. Qxg7+ Kxg7 26. Be4 Nf7 27. Rab1
Nd8 28. Kg2 b6 29. g4 c5 30. h4 Rf8 31. g5 Nf7 32. Rf3 Rg8 33. Rbf1 a6 34. Kh2
b5 35. Bd5 Rgd8 36. g6 hxg6 37. fxg6 Nh6 38. h5 Rf8 39. Kg3 Rxf3+ 40. Rxf3 Rf8
1/2-1/2